[Event "ICS rated blitz match"]
[Site "204.178.125.65"]
[Date "2000.11.30"]
[Round "?"]
[White "Hossa"]
[Black "HaraldLdahl"]
[Result "1-0"]
[WhiteElo "2609"]
[BlackElo "2202"]
[PlyCount "67"]
[EventDate "2000.??.??"]

1. d4 f5 2. Nf3 Nf6 3. g3 g6 4. Bg2 Bg7 5. d5 c6 6. dxc6 bxc6 7. O-O Ne4 8. c3
O-O 9. Bf4 d6 10. Nbd2 Nxd2 11. Qxd2 Qc7 12. Bh6 Na6 13. Bxg7 Kxg7 14. Rfd1 Nc5
15. Ng5 h6 16. b4 Ne6 17. Nxe6+ Bxe6 18. c4 Rab8 19. Qc3+ Kh7 20. e3 Bg8 21.
Rd2 a5 22. bxa5 Ra8 23. Rc2 Rfc8 24. Rb1 Rxa5 25. Bxc6 Qxc6 26. Qxa5 Bxc4 27.
Rbc1 d5 28. Qa7 Rc7 29. Qb8 Rd7 30. Qe8 Qe6 31. Rb1 g5 32. Rb8 Ra7 33. Rcb2 f4
34. R2b6 {HaraldLdahl resigns} 1-0

[Event "ICS rated blitz match"]
[Site "204.178.125.65"]
[Date "2000.11.30"]
[Round "?"]
[White "HaraldLdahl"]
[Black "Hossa"]
[Result "0-1"]
[WhiteElo "2199"]
[BlackElo "2612"]
[PlyCount "94"]
[EventDate "2000.??.??"]

1. e4 e6 2. d4 d5 3. Nd2 c5 4. exd5 exd5 5. Bb5+ Bd7 6. Qe2+ Qe7 7. Bxd7+ Nxd7
8. Qxe7+ Bxe7 9. dxc5 Nxc5 10. Nb3 Nxb3 11. axb3 Nf6 12. Nf3 Bc5 13. O-O Ne4
14. Nd2 Ng5 15. h4 Ne6 16. Nf3 Ke7 17. c3 Rhe8 18. b4 Bb6 19. Bd2 d4 20. c4 d3
21. c5 Bc7 22. Rfd1 Red8 23. Be3 Bf4 24. Rd2 Bxe3 25. fxe3 b6 26. cxb6 axb6 27.
Rxa8 Rxa8 28. Rxd3 Ra4 29. Nd4 Nxd4 30. Rxd4 Ra2 31. Kf2 Rxb2+ 32. Kf3 Rb1 33.
g3 h5 34. Rc4 Kd6 35. g4 hxg4+ 36. Rxg4 g6 37. Rf4 Rf1+ 38. Ke4 f5+ 39. Kd4 Rh1
40. e4 Rd1+ 41. Ke3 Ke5 42. exf5 Re1+ 43. Kf2 Kxf4 44. Kxe1 Kxf5 45. h5 gxh5
46. Kf2 Ke6 47. Ke3 Kd5 {HaraldLdahl resigns} 0-1

[Event "ICS rated blitz match"]
[Site "204.178.125.65"]
[Date "2000.11.30"]
[Round "?"]
[White "Hossa"]
[Black "HaraldLdahl"]
[Result "1-0"]
[WhiteElo "2615"]
[BlackElo "2196"]
[PlyCount "91"]
[EventDate "2000.??.??"]

1. e4 Nf6 2. e5 Nd5 3. d4 d6 4. Nf3 Bg4 5. Be2 c6 6. O-O Bxf3 7. Bxf3 dxe5 8.
dxe5 e6 9. c4 Ne7 10. Qxd8+ Kxd8 11. Bh5 Ng6 12. Bxg6 hxg6 13. Rd1+ Nd7 14. Nd2
Ke8 15. Nf3 Be7 16. Be3 a6 17. Rd3 Rd8 18. Rad1 Nf8 19. Kf1 Rxd3 20. Rxd3 Nd7
21. Rb3 b5 22. cxb5 axb5 23. Rc3 Nb8 24. h3 Kd7 25. Ng5 Bxg5 26. Bxg5 Rc8 27.
g4 c5 28. f4 c4 29. Rc2 Rc5 30. Rc1 Rd5 31. a4 Kc6 32. b3 Rd4 33. axb5+ Kxb5
34. bxc4+ Rxc4 35. Rb1+ Rb4 36. Rxb4+ Kxb4 37. Be7+ Kc4 38. Ke2 Kd4 39. Kf3 Kd3
40. Bf8 Nc6 41. Bxg7 Kd4 42. h4 Kd5 43. h5 gxh5 44. gxh5 Ne7 45. h6 Ng6 46. h7
{HaraldLdahl resigns} 1-0

[Event "ICS rated blitz match"]
[Site "204.178.125.65"]
[Date "2000.11.30"]
[Round "?"]
[White "Amateur"]
[Black "Hossa"]
[Result "0-1"]
[WhiteElo "2517"]
[BlackElo "2618"]
[PlyCount "158"]
[EventDate "2000.??.??"]

1. e4 e5 2. Nf3 Nc6 3. Bb5 a6 4. Ba4 Nf6 5. O-O Be7 6. Re1 b5 7. Bb3 d6 8. c3
O-O 9. d4 Bg4 10. d5 Na5 11. Bc2 c6 12. h3 Bc8 13. dxc6 Qc7 14. Nbd2 Qxc6 15.
Nf1 Nc4 16. Ng3 Re8 17. b3 Nb6 18. Be3 Nbd7 19. Qd3 Nc5 20. Bxc5 Qxc5 21. a4
Be6 22. axb5 axb5 23. Red1 Nd7 24. Ne2 Qc6 25. Qe3 Nc5 26. b4 Na4 27. Rdc1 Rec8
28. Kh2 Nb2 29. Ng5 Nc4 30. Qg3 Bd7 31. Nf3 Rc7 32. Bd3 Rca7 33. Rxa7 Rxa7 34.
Rb1 Ra2 35. Rc1 Qc7 36. Rd1 Be6 37. Rc1 Qb6 38. Rc2 Rxc2 39. Bxc2 Qa7 40. Bd3
Qa1 41. Bc2 Bd8 42. Bd3 h6 43. Bxc4 Bxc4 44. Qg4 Be6 45. Qh5 Qf1 46. Ng3 Qd3
47. Nf5 g6 48. Qxh6 gxf5 49. Ng5 Bb3 50. Qh7+ Kf8 51. Qh8+ Ke7 52. Qh4 Kd7 53.
Qh7 Bxg5 54. Qxf5+ Be6 55. Qxg5 Qxc3 56. h4 Qxb4 57. f3 Qe1 58. h5 b4 59. h6 b3
60. h7 b2 61. h8=Q b1=Q 62. Qgd8+ Kc6 63. Qhe8+ Kc5 64. Qc7+ Kd4 65. Qa7+ Kc3
66. Qa3+ Kd2 67. Qa5+ Ke3 68. Qxe1+ Qxe1 69. Qe7 Kf2 70. Qh4+ Kf1 71. Qg5 Qc3
72. Qh6 Qc2 73. Qg5 f6 74. Qg3 Qc5 75. Qh3 Bxh3 76. Kxh3 Qe3 77. g4 Kf2 78. g5
Qxg5 79. Kh2 Qh5# {Amateur checkmated} 0-1

[Event "ICS rated blitz match"]
[Site "204.178.125.65"]
[Date "2000.11.30"]
[Round "?"]
[White "Hossa"]
[Black "Amateur"]
[Result "1-0"]
[WhiteElo "2629"]
[BlackElo "2506"]
[PlyCount "135"]
[EventDate "2000.??.??"]

1. d4 Nf6 2. c4 e6 3. Nf3 b6 4. g3 Ba6 5. b3 Bb4+ 6. Bd2 Be7 7. Bg2 c6 8. O-O
O-O 9. Qc2 d5 10. Bf4 dxc4 11. bxc4 Bd6 12. Ne5 Qc7 13. Qc3 Nh5 14. Bd2 Nf6 15.
Bf3 Bxe5 16. dxe5 Nfd7 17. Bf4 g5 18. Be3 Qxe5 19. Bd4 Qf5 20. e4 Qg6 21. Rd1
Bb7 22. Qe3 Na6 23. Qe2 Rad8 24. Bh5 Qh6 25. Bb2 Nf6 26. Bf3 Rxd1+ 27. Qxd1 Nc5
28. Nc3 Nfd7 29. Na4 Nxa4 30. Qxa4 a5 31. Qa3 Nc5 32. Bd4 f5 33. Bxc5 bxc5 34.
Rb1 Qg7 35. exf5 exf5 36. Qxc5 f4 37. g4 h6 38. Bxc6 Bxc6 39. Qxc6 f3 40. h3
Qf6 41. Qd5+ Qf7 42. Rb5 Qxd5 43. Rxd5 Rc8 44. Rxa5 Rxc4 45. Kh2 Rc3 46. Ra7
Kf8 47. Kg3 Ke8 48. Ra6 Ke7 49. h4 gxh4+ 50. Kxh4 Kf7 51. Rxh6 Ra3 52. Kg3 Ke7
53. g5 Ra5 54. Kg4 Ra3 55. Rb6 Kf7 56. Rf6+ Kg8 57. Rxf3 Rxa2 58. g6 Kg7 59.
Kg5 Kg8 60. Rf7 Ra5+ 61. Kh6 Ra8 62. Rc7 Rf8 63. f4 Rd8 64. f5 Rf8 65. Kg5 Re8
66. f6 Rf8 67. g7 Rxf6 68. Kxf6 {Amateur resigns} 1-0

[Event "ICS rated blitz match"]
[Site "204.178.125.65"]
[Date "2000.11.30"]
[Round "?"]
[White "pob"]
[Black "Hossa"]
[Result "0-1"]
[WhiteElo "2040"]
[BlackElo "2640"]
[PlyCount "62"]
[EventDate "2000.??.??"]

1. e4 e5 2. Nf3 Nc6 3. Bb5 a6 4. Ba4 Nf6 5. O-O Be7 6. Re1 b5 7. Bb3 d6 8. c3
O-O 9. h3 Na5 10. Bc2 c5 11. d4 Qc7 12. Nbd2 cxd4 13. cxd4 Bb7 14. d5 Bc8 15.
Nf1 Bd7 16. Ne3 Rfc8 17. Bd2 Nb7 18. Rc1 a5 19. g4 g6 20. Ng2 h5 21. g5 Nh7 22.
Qe2 Bxh3 23. Qxb5 Nc5 24. b3 Qd8 25. Qe2 Nxg5 26. Nxg5 Bxg5 27. f4 Bf6 28. Ne3
exf4 29. Nc4 Bd4+ 30. Kh1 Bg4 31. Qh2 Bf3+ {pob resigns} 0-1

[Event "ICS rated blitz match"]
[Site "204.178.125.65"]
[Date "2000.11.30"]
[Round "?"]
[White "Hossa"]
[Black "zeroeffect"]
[Result "1-0"]
[WhiteElo "2641"]
[BlackElo "2006"]
[PlyCount "69"]
[EventDate "2000.??.??"]

1. d4 d5 2. c4 e6 3. Nf3 Nf6 4. e3 g6 5. Nc3 Bg7 6. Bd2 O-O 7. cxd5 exd5 8. Bd3
a5 9. Qb3 b6 10. Ne5 c5 11. Bb5 c4 12. Qa4 Be6 13. b3 cxb3 14. Qxb3 Ne4 15.
Nxe4 dxe4 16. Qc2 Bxe5 17. Qxe4 Bxd4 18. Qxd4 Qxd4 19. exd4 Ra7 20. Ke2 Bd5 21.
f3 Nd7 22. Rhb1 Re8+ 23. Kd3 Re6 24. Rc1 Kg7 25. a4 Nf6 26. Bf4 h6 27. Rab1 g5
28. Be5 Kg6 29. Kd2 Nd7 30. Rc7 Rxc7 31. Bxc7 Nf6 32. Bd3+ Kg7 33. Rxb6 Re8 34.
Be5 Re6 35. Rb5 {zeroeffect resigns} 1-0

[Event "ICS rated blitz match"]
[Site "204.178.125.65"]
[Date "2000.11.30"]
[Round "?"]
[White "Younis-T"]
[Black "Hossa"]
[Result "0-1"]
[WhiteElo "2073"]
[BlackElo "2642"]
[PlyCount "74"]
[EventDate "2000.??.??"]

1. e4 e5 2. Nf3 Nc6 3. Bc4 Be7 4. d3 Nf6 5. Nc3 d6 6. Bg5 Na5 7. Bb3 Nxb3 8.
axb3 O-O 9. h3 Be6 10. Qd2 c6 11. O-O-O Qa5 12. Kb1 Qa6 13. g4 b5 14. Rdg1 Bd8
15. Nh4 Qa5 16. Nf5 b4 17. Ne2 Bxf5 18. gxf5 Ne8 19. h4 f6 20. Be3 d5 21. Ng3
d4 22. Bh6 Kf7 23. Bxg7 Nxg7 24. Qh6 Rh8 25. Nh5 Nxh5 26. Qxh5+ Ke7 27. Rg7+
Kd6 28. Qf7 Qa6 29. Qe6+ Kc5 30. Rd1 Rc8 31. c3 bxc3 32. Rc1 Qxd3+ 33. Rc2 Qd1+
34. Ka2 Qxc2 35. Qc4+ Kd6 36. Qb4+ c5 37. Qc4 Qxb2# {Younis-T checkmated} 0-1

[Event "ICS rated blitz match"]
[Site "204.178.125.65"]
[Date "2000.11.30"]
[Round "?"]
[White "Hossa"]
[Black "Younis-T"]
[Result "1-0"]
[WhiteElo "2643"]
[BlackElo "2091"]
[PlyCount "107"]
[EventDate "2000.??.??"]

1. e4 d6 2. d4 Nf6 3. Nc3 g6 4. Bg5 Bg7 5. Nf3 c6 6. Bd3 O-O 7. O-O Nbd7 8. Qd2
e5 9. a3 Qe7 10. dxe5 dxe5 11. Rfd1 Re8 12. Bh6 Nc5 13. Bxg7 Kxg7 14. h3 h6 15.
Qe3 b6 16. Bc4 Bb7 17. b4 Ncd7 18. Rd2 Nf8 19. Rad1 N6h7 20. Ne2 Ng5 21. Nxg5
hxg5 22. Qf3 Bc8 23. b5 Bb7 24. bxc6 Bxc6 25. Nc3 Rac8 26. Ba6 Rc7 27. Nd5 Bxd5
28. exd5 Qd6 29. Bb5 Rec8 30. c4 f6 31. Ba6 Rd8 32. Qg3 Rc5 33. Bb5 Nd7 34. Re2
Nb8 35. Re4 a6 36. Ba4 Rdc8 37. Bb3 b5 38. cxb5 axb5 39. Qd3 Nd7 40. Rb4 Rc3
41. Qxb5 Nc5 42. a4 Ne4 43. Rxe4 R8c7 44. Qb4 R7c5 45. Bc4 Rc2 46. Qb3 R2xc4
47. Rxc4 Rxd5 48. Qb7+ Kh6 49. Rxd5 Qa3 50. Rd8 Qa1+ 51. Kh2 g4 52. Rh8+ Kg5
53. Rxg4+ Kf5 54. Qc8# {Younis-T checkmated} 1-0

[Event "ICS rated blitz match"]
[Site "204.178.125.65"]
[Date "2000.11.30"]
[Round "?"]
[White "nureyev"]
[Black "Hossa"]
[Result "0-1"]
[WhiteElo "1970"]
[BlackElo "2646"]
[PlyCount "28"]
[EventDate "2000.??.??"]

1. d4 d5 2. c4 dxc4 3. e4 b5 4. a4 e5 5. Nf3 Nf6 6. axb5 Nxe4 7. Bxc4 exd4 8.
Qxd4 Qxd4 9. Nxd4 Bb4+ 10. Nd2 Bb7 11. f3 Nd6 12. Bb3 Bc5 13. Ra4 O-O 14. O-O
Nxb5 {nureyev resigns} 0-1

[Event "ICS rated blitz match"]
[Site "204.178.125.65"]
[Date "2000.11.30"]
[Round "?"]
[White "nureyev"]
[Black "Hossa"]
[Result "0-1"]
[WhiteElo "1968"]
[BlackElo "2648"]
[PlyCount "23"]
[EventDate "2000.??.??"]

1. d4 d5 2. c4 dxc4 3. e4 b5 4. b3 e6 5. bxc4 Bb4+ 6. Bd2 Bxd2+ 7. Qxd2 Bb7 8.
Nc3 b4 9. Nb5 a6 10. Qxb4 axb5 11. Qxb5+ Bc6 12. Qb3 {nureyev resigns} 0-1

[Event "ICS rated blitz match"]
[Site "204.178.125.65"]
[Date "2000.11.30"]
[Round "?"]
[White "LeTiger"]
[Black "Hossa"]
[Result "1-0"]
[WhiteElo "2888"]
[BlackElo "2650"]
[PlyCount "73"]
[EventDate "2000.??.??"]

1. c4 e5 2. g3 f5 3. Bg2 Nf6 4. d4 exd4 5. Qxd4 Nc6 6. Qe3+ Be7 7. Nc3 O-O 8.
Nh3 Re8 9. O-O Bb4 10. Qd3 Ne5 11. Qc2 c6 12. a3 Bxc3 13. Qxc3 Ne4 14. Qc2 d6
15. b3 Ng4 16. Bb2 Qe7 17. Nf4 Nexf2 18. Rxf2 Nxf2 19. Kxf2 g5 20. Nh5 Qe3+ 21.
Kf1 Re7 22. Rd1 Qe6 23. c5 dxc5 24. Rd8+ Kf7 25. Ng7 Qg6 26. e4 b5 27. Nxf5 Rd7
28. Qxc5 Rxd8 29. Qe7+ Kg8 30. Qxd8+ Kf7 31. Qc7+ Kg8 32. Ne7+ Kf7 33. Nxg6+
Bd7 34. Qxd7+ Kxg6 35. Qe6+ Kh5 36. Qf7+ Kh6 37. Bg7# {Hossa checkmated} 1-0

[Event "ICS rated blitz match"]
[Site "204.178.125.65"]
[Date "2000.11.30"]
[Round "?"]
[White "Hossa"]
[Black "nureyev"]
[Result "1-0"]
[WhiteElo "2644"]
[BlackElo "1957"]
[PlyCount "36"]
[EventDate "2000.??.??"]

1. e4 c5 2. Nf3 d6 3. d4 cxd4 4. Nxd4 Nf6 5. Nc3 a6 6. Be2 e6 7. O-O Be7 8. Be3
O-O 9. a3 Nbd7 10. Qd2 Qc7 11. Nf3 Nb6 12. Rfd1 Nc4 13. Bxc4 Qxc4 14. Bg5 b5
15. e5 dxe5 16. Nxe5 Qc7 17. Qf4 Bb7 18. Ng6 Qc6 {nureyev resigns} 1-0

[Event "ICS rated blitz match"]
[Site "204.178.125.65"]
[Date "2000.11.30"]
[Round "?"]
[White "Hossa"]
[Black "nureyev"]
[Result "1-0"]
[WhiteElo "2646"]
[BlackElo "1955"]
[PlyCount "27"]
[EventDate "2000.??.??"]

1. e4 c5 2. c3 d5 3. exd5 Qxd5 4. d4 Nc6 5. Nf3 Bg4 6. dxc5 Qxc5 7. Be3 Qa5 8.
h3 Bh5 9. b4 Qc7 10. b5 Ne5 11. b6 axb6 12. Qd5 Nxf3+ 13. gxf3 Bg6 14. Bb5+ {
nureyev resigns} 1-0

[Event "ICS rated blitz match"]
[Site "204.178.125.65"]
[Date "2000.11.30"]
[Round "?"]
[White "nureyev"]
[Black "Hossa"]
[Result "0-1"]
[WhiteElo "1967"]
[BlackElo "2657"]
[PlyCount "48"]
[EventDate "2000.??.??"]

1. d4 d5 2. c4 dxc4 3. Nf3 Nf6 4. e3 e6 5. Bxc4 c5 6. Nc3 cxd4 7. exd4 Bb4 8.
Bg5 h6 9. Bh4 Nc6 10. O-O g5 11. Bg3 Nh5 12. d5 Nxg3 13. hxg3 exd5 14. Re1+ Be6
15. Bxd5 O-O 16. Bxe6 fxe6 17. Rxe6 Qxd1+ 18. Nxd1 Kg7 19. a3 Bc5 20. Nc3 g4
21. Ne4 Bb6 22. Ne5 Nxe5 23. Rxe5 Rf7 24. b4 Bd4 {nureyev resigns} 0-1

[Event "ICS rated blitz match"]
[Site "204.178.125.65"]
[Date "2000.11.30"]
[Round "?"]
[White "Hossa"]
[Black "nureyev"]
[Result "1-0"]
[WhiteElo "2658"]
[BlackElo "1966"]
[PlyCount "34"]
[EventDate "2000.??.??"]

1. e4 c5 2. Nf3 d6 3. d4 cxd4 4. Nxd4 Nf6 5. Nc3 a6 6. Be2 e5 7. Nb3 Be6 8. O-O
Nbd7 9. Bg5 Be7 10. Qd2 O-O 11. Rfd1 Rc8 12. Bf3 b5 13. a3 Rxc3 14. Qxc3 Nxe4
15. Bxe4 Bxg5 16. Rxd6 Be7 17. Rxa6 f5 {nureyev resigns} 1-0

[Event "ICS rated blitz match"]
[Site "204.178.125.65"]
[Date "2000.11.30"]
[Round "?"]
[White "Hossa"]
[Black "ChesterX"]
[Result "0-1"]
[WhiteElo "2643"]
[BlackElo "2519"]
[PlyCount "114"]
[EventDate "2000.??.??"]

1. e4 c5 2. Nf3 d6 3. d4 Nf6 4. Nc3 cxd4 5. Nxd4 a6 6. Bg5 e6 7. f4 Be7 8. Qf3
Nbd7 9. O-O-O Qc7 10. g4 b5 11. Bxf6 Nxf6 12. g5 Nd7 13. Qh5 O-O 14. f5 b4 15.
Nb1 e5 16. Nb3 Bb7 17. Bd3 a5 18. f6 gxf6 19. gxf6 Nxf6 20. Rhg1+ Kh8 21. Qg5
Rg8 22. Qf5 d5 23. exd5 Bxd5 24. N3d2 Be6 25. Qf3 Bxa2 26. Ne4 Bd5 27. Nbd2
Rxg1 28. Rxg1 Rd8 29. Qf5 Nxe4 30. Nxe4 Qb6 31. Rg3 Qh6+ 32. Nd2 e4 33. Rh3 Be6
34. Qe5+ Bf6 35. Rxh6 Bxe5 36. Rxe6 fxe6 37. Nxe4 Bxh2 38. Nc5 e5 39. Kd1 a4
40. Kc1 h5 41. Nxa4 b3 42. Nc3 Bf4+ 43. Kb1 Rxd3 44. cxd3 h4 45. Ne4 h3 46. Nf2
h2 47. Nh1 Kg7 48. Nf2 Kg6 49. Ka1 Kh5 50. Kb1 Kh4 51. Ka1 Kg3 52. Ne4+ Kf3 53.
Nc3 h1=Q+ 54. Nb1 Be3 55. d4 Qc1 56. d5 Bd4 57. d6 Bxb2# {Hossa checkmated} 0-1

[Event "ICS rated blitz match"]
[Site "204.178.125.65"]
[Date "2000.11.30"]
[Round "?"]
[White "ChesterX"]
[Black "Hossa"]
[Result "1-0"]
[WhiteElo "2540"]
[BlackElo "2622"]
[PlyCount "113"]
[EventDate "2000.??.??"]

1. e4 e5 2. Nf3 Nc6 3. Bb5 a6 4. Ba4 Nf6 5. O-O Be7 6. Re1 b5 7. Bb3 d6 8. c3
O-O 9. h3 Na5 10. Bc2 c5 11. d4 Qc7 12. Nbd2 cxd4 13. cxd4 Bb7 14. Nf1 Rac8 15.
Bb1 Rfe8 16. d5 Nd7 17. Ne3 Bf6 18. Qe2 Ba8 19. Bd2 Nc4 20. Rc1 Qb6 21. Nxc4
bxc4 22. Be3 Qb5 23. a4 Qb4 24. Ra3 Be7 25. Rac3 Qxa4 26. Rxc4 Rxc4 27. Rxc4
Qa5 28. b4 Qb5 29. Bd3 Qb8 30. Bc2 f5 31. Ba4 Rd8 32. Bg5 Nf6 33. Nh4 Nxd5 34.
Bxe7 Nxe7 35. Nxf5 Nxf5 36. exf5 d5 37. Rc1 Qd6 38. b5 a5 39. b6 Qxb6 40. Qxe5
Kh8 41. Qe6 Qb8 42. f6 Rf8 43. f7 Bb7 44. Qe7 Ba6 45. Be8 Qb4 46. Rc5 Qb1+ 47.
Kh2 Qb8+ 48. g3 Rxf7 49. Qxf7 h6 50. Qf8+ Kh7 51. Bg6+ Kxg6 52. Qxb8 Kh7 53.
Qb1+ Bd3 54. Qxd3+ g6 55. Rc7+ Kh8 56. Qd4+ Kg8 57. Qg7# {Hossa checkmated} 1-0

[Event "ICS rated blitz match"]
[Site "204.178.125.65"]
[Date "2000.11.30"]
[Round "?"]
[White "Amateur"]
[Black "Hossa"]
[Result "1/2-1/2"]
[WhiteElo "2530"]
[BlackElo "2603"]
[PlyCount "168"]
[EventDate "2000.??.??"]

1. e4 e5 2. Nf3 Nc6 3. Bb5 a6 4. Ba4 Nf6 5. O-O Be7 6. Re1 b5 7. Bb3 O-O 8. h3
Bb7 9. d3 d6 10. a3 Bc8 11. Nc3 Be6 12. Bd5 Bxd5 13. Nxd5 Nxd5 14. exd5 Na7 15.
d4 f6 16. Be3 Qd7 17. Qd3 Nc8 18. dxe5 fxe5 19. Ng5 Bxg5 20. Bxg5 Nb6 21. Rad1
Qf7 22. Rf1 Na4 23. Qb3 Nc5 24. Qb4 Qf5 25. Be3 Ne4 26. c3 Rf6 27. Qa5 Rf7 28.
a4 bxa4 29. Qxa4 Nf6 30. f3 Qc8 31. c4 Nh5 32. Ra1 Ng3 33. Rf2 Nf5 34. Bd2 Nd4
35. Be3 Rf8 36. Rd1 Nf5 37. Bg5 Qb7 38. Rd3 Qb6 39. Rb3 Qd4 40. Rb7 Rab8 41.
Rxb8 Rxb8 42. Qc6 Qa7 43. Qd7 Rf8 44. b4 Qb8 45. Qa4 Qb6 46. Qa5 Qa7 47. Qa1
Ng3 48. c5 Nf5 49. Qc3 Qb7 50. Qc4 Rf7 51. Ra2 dxc5 52. bxc5 Qb1+ 53. Kf2 h6
54. Bc1 Qb5 55. Qxb5 axb5 56. Re2 b4 57. Bb2 b3 58. Bxe5 g5 59. Rb2 Rd7 60. d6
cxd6 61. cxd6 Nxd6 62. Rxb3 Nc4 63. f4 Rd5 64. Bb8 gxf4 65. Bxf4 Kh7 66. Rb7+
Kg6 67. Rc7 Ne5 68. Ke3 Nf7 69. h4 Rb5 70. g3 h5 71. Ke4 Rb4+ 72. Kd5 Rb1 73.
Kc4 Rd1 74. Kb5 Nd6+ 75. Kc6 Nf5 76. Kb6 Rd3 77. Rc1 Nd4 78. Rc5 Ne6 79. Rc6
Kf5 80. Bb8 Rb3+ 81. Ka7 Ra3+ 82. Kb6 Rb3+ 83. Ka7 Ra3+ 84. Kb6 Rb3+ {
Game drawn by repetition} 1/2-1/2

[Event "ICS rated blitz match"]
[Site "204.178.125.65"]
[Date "2000.11.30"]
[Round "?"]
[White "QueenMaxima"]
[Black "Hossa"]
[Result "0-1"]
[WhiteElo "2565"]
[BlackElo "2600"]
[PlyCount "154"]
[EventDate "2000.??.??"]

1. e4 e5 2. Nf3 Nc6 3. Bc4 Be7 4. O-O Nf6 5. d3 O-O 6. Nc3 d6 7. Be3 Na5 8. Bb3
Nxb3 9. axb3 a6 10. h3 c6 11. Re1 b6 12. d4 Qc7 13. Qd3 Ra7 14. b4 Rd8 15. d5
cxd5 16. Nxd5 Nxd5 17. exd5 Re8 18. b5 a5 19. Ng5 g6 20. c3 Qd8 21. Nf3 f5 22.
Bh6 e4 23. Qd4 Bf6 24. Qe3 Qc7 25. Ng5 Qc5 26. Qxc5 dxc5 27. f3 e3 28. Re2 f4
29. Ne4 Be5 30. g3 fxg3 31. Rxe3 Ree7 32. f4 Bg7 33. Bg5 Red7 34. Nxc5 Rxd5 35.
Re8+ Kf7 36. Rxc8 Rxc5 37. Rxc5 bxc5 38. Kg2 a4 39. Kxg3 Rb7 40. c4 Ra7 41. Ra2
Ke6 42. Kg4 Bd4 43. h4 Ra8 44. h5 gxh5+ 45. Kxh5 Kf5 46. Kh6 Kg4 47. b6 Rb8 48.
Rxa4 Rxb6+ 49. Kxh7 Rxb2 50. Kg6 Be3 51. Ra5 Rb6+ 52. Kg7 Rb4 53. Be7 Rxc4 54.
Bxc5 Bxc5 55. f5 Bb4 56. Rb5 Bc3+ 57. f6 Kf4 58. Rd5 Ke4 59. Rg5 Rc8 60. Rh5
Kf4 61. Rh6 Kf5 62. Rh7 Bd4 63. Rh6 Rc2 64. Rh7 Ke6 65. Rh6 Ra2 66. Kg8 Bxf6
67. Kh7 Ra7+ 68. Kg6 Rg7+ 69. Kh5 Rg5+ 70. Kh4 Rg1+ 71. Rxf6+ Kxf6 72. Kh3 Rg5
73. Kh4 Kf5 74. Kh3 Kf4 75. Kh4 Re5 76. Kh3 Re2 77. Kh4 Rh2# {
QueenMaxima checkmated} 0-1

[Event "ICS rated blitz match"]
[Site "204.178.125.65"]
[Date "2000.11.30"]
[Round "?"]
[White "Hossa"]
[Black "QueenMaxima"]
[Result "1-0"]
[WhiteElo "2614"]
[BlackElo "2551"]
[PlyCount "251"]
[EventDate "2000.??.??"]

1. e4 e5 2. Nf3 Nc6 3. Bb5 a6 4. Ba4 Nf6 5. O-O Be7 6. Re1 b5 7. Bb3 O-O 8. a4
Bb7 9. d3 Bc5 10. Be3 Bxe3 11. fxe3 b4 12. Nbd2 Ng4 13. Qe2 Kh8 14. Nd4 exd4
15. Qxg4 Qe7 16. Nc4 Rae8 17. Rf1 dxe3 18. Nxe3 Qc5 19. Rae1 Nd4 20. Bxf7 Nxc2
21. Bxe8 Qxe3+ 22. Kh1 Qxe1 23. Rxe1 Nxe1 24. Qe2 Nxd3 25. Qxd3 Bxe4 26. Qxa6
Rxe8 27. Kg1 Bc6 28. a5 h6 29. Qd3 Re5 30. a6 Bb5 31. Qd4 Re1+ 32. Kf2 Re2+ 33.
Kf3 Bxa6 34. Qxd7 b3 35. Qc6 Bd3 36. Qxc7 Re8 37. Qf7 Be4+ 38. Kf4 Bc6 39. Kg3
Rd8 40. Qc7 Rd3+ 41. Kf2 Be4 42. Ke2 Kh7 43. Qe7 Bg6 44. Qb7 h5 45. h3 Rg3 46.
Kf2 Rd3 47. Qb4 Bf7 48. Qe7 Bg6 49. Qe5 Rd2+ 50. Kg3 Rc2 51. Qd4 Bf7 52. Kf3
Kh6 53. Qf4+ Kg6 54. Qe4+ Kh6 55. Qe5 Bc4 56. Kg3 Bf7 57. h4 Kh7 58. Qe4+ Bg6
59. Qe5 Bf7 60. Kf3 Bg6 61. Qd4 Bf5 62. Kf4 Bg6 63. g3 Kh6 64. Ke3 Kh7 65. Kf3
Bf5 66. Kf4 Bg6 67. Qe5 Rf2+ 68. Ke3 Rg2 69. Kf3 Rd2 70. g4 hxg4+ 71. Kxg4 Rf2
72. Kg3 Rf8 73. Qc3 Bc2 74. Qe3 Rf1 75. Qe8 Rf5 76. Kg4 Bd3 77. Qb8 Bc2 78. Qd6
Rf1 79. Qe5 Rf2 80. h5 Rf1 81. Kh4 Rh1+ 82. Kg3 Rg1+ 83. Kf3 Rf1+ 84. Ke2 Rd1
85. Kf2 Bd3 86. Qd5 Bc2 87. Qc5 Be4 88. h6 Bc2 89. hxg7 Kxg7 90. Qe7+ Kg6 91.
Qe6+ Kg5 92. Ke2 Kf4 93. Qf6+ Ke4 94. Qf7 Ke5 95. Qe7+ Kd4 96. Kf2 Kd5 97. Qb7+
Kd4 98. Qb5 Rd2+ 99. Kg3 Ke4 100. Qe8+ Kd3 101. Qg6+ Ke3 102. Qe6+ Be4 103.
Qxb3+ Rd3 104. Qb6+ Rd4 105. b4 Bd5 106. b5 Kd3 107. Qc5 Ke4 108. b6 Rd3+ 109.
Kg4 Be6+ 110. Kh4 Rh3+ 111. Kg5 Rb3 112. Qc2+ Kd4 113. Qxb3 Bxb3 114. b7 Bd5
115. b8=Q Kc4 116. Qd6 Kd4 117. Kf5 Kc4 118. Ke5 Bf3 119. Qd4+ Kb5 120. Qd3+
Kb6 121. Qxf3 Kb5 122. Qc3 Kb6 123. Kd6 Ka6 124. Qb3 Ka7 125. Kc7 Ka8 126. Qa3#
{QueenMaxima checkmated} 1-0

[Event "ICS rated blitz match"]
[Site "204.178.125.65"]
[Date "2000.11.30"]
[Round "?"]
[White "Hossa"]
[Black "AvernoX"]
[Result "1-0"]
[WhiteElo "2627"]
[BlackElo "2373"]
[PlyCount "163"]
[EventDate "2000.??.??"]

1. e4 c6 2. d4 g6 3. f4 e6 4. Nf3 Be7 5. Bd3 d5 6. O-O dxe4 7. Bxe4 Nf6 8. Nc3
Nxe4 9. Nxe4 O-O 10. c4 b5 11. b3 Ba6 12. Qd3 Kh8 13. a4 b4 14. Bb2 f6 15. Qe3
Bc8 16. Ne1 Nd7 17. Nd3 Re8 18. c5 a5 19. Nd6 Bxd6 20. cxd6 Nb6 21. Nc5 Nd5 22.
Qh3 Qxd6 23. Qh4 Ba6 24. Rf3 Ra7 25. Rc1 Bb7 26. Qh6 Ba8 27. Re1 Nc3 28. Rd3
Rf7 29. Bxc3 bxc3 30. Red1 c2 31. Rc1 e5 32. Rxc2 exf4 33. Rf2 Re1+ 34. Rf1
Rxf1+ 35. Kxf1 f5 36. Rd2 Rg7 37. Kg1 Rg8 38. Rd1 Re8 39. Qh4 Re2 40. Qh3 Qe7
41. Kf1 Qe3 42. Qxe3 Rxe3 43. b4 axb4 44. Rb1 b3 45. Rxb3 Rxb3 46. Nxb3 Kg7 47.
Nc5 Kf6 48. a5 Ke7 49. a6 Kd6 50. h4 h6 51. Ke2 g5 52. Kf2 g4 53. h5 Kc7 54.
Ne6+ Kb6 55. Ng7 c5 56. dxc5+ Kxa6 57. Nxf5 g3+ 58. Kf1 Be4 59. Nxh6 f3 60. Ng4
Bd3+ 61. Kg1 f2+ 62. Nxf2 gxf2+ 63. Kxf2 Bc4 64. g4 Bf7 65. Kg3 Kb5 66. Kf4
Kxc5 67. h6 Bg6 68. Ke5 Bh7 69. Kf6 Be4 70. g5 Kd4 71. g6 Bf3 72. g7 Bd5 73. h7
Ke4 74. g8=Q Bxg8 75. hxg8=Q Kd4 76. Qg3 Kc4 77. Ke5 Kc5 78. Qc3+ Kb6 79. Kd6
Kb7 80. Qa5 Kb8 81. Kc6 Kc8 82. Qa8# {AvernoX checkmated} 1-0

[Event "ICS rated blitz match"]
[Site "204.178.125.65"]
[Date "2000.11.30"]
[Round "?"]
[White "PostModernist"]
[Black "Hossa"]
[Result "1/2-1/2"]
[WhiteElo "2586"]
[BlackElo "2633"]
[PlyCount "141"]
[EventDate "2000.??.??"]

1. e4 e5 2. Bc4 Nf6 3. d3 Nc6 4. Nc3 Bb4 5. Nf3 d6 6. h3 Na5 7. Bb3 Nxb3 8.
axb3 O-O 9. O-O Be6 10. Be3 c6 11. Rxa7 Rxa7 12. Bxa7 Bxc3 13. bxc3 b6 14. Qc1
Qc7 15. Qa3 Nd7 16. Ng5 Ra8 17. Ra1 h6 18. Nxe6 fxe6 19. c4 Nf6 20. b4 Nd7 21.
g4 Kh8 22. Kg2 Qb7 23. h4 Qc7 24. b5 cxb5 25. cxb5 d5 26. Qa2 dxe4 27. dxe4 Nc5
28. f3 Qd7 29. c4 Kh7 30. h5 Nd3 31. Kh2 Qe7 32. Kh3 Qc7 33. Kg3 Nf4 34. Qa4
Kh8 35. Ra2 Kg8 36. Ra3 g6 37. hxg6 Nxg6 38. Ra1 Nf8 39. Qa2 Nd7 40. Kg2 Nc5
41. Kg1 Nd3 42. Kf1 Nf4 43. Kf2 Kh8 44. Kg3 Kh7 45. Qa6 Nd3 46. Qa3 Nc5 47. Kf2
Kg8 48. Kg2 Qb7 49. Ra2 Kg7 50. Kg1 Qd7 51. Kh2 Qc7 52. Ra1 Kh7 53. Kg2 Kg6 54.
Kf2 Nd7 55. Qa2 h5 56. gxh5+ Kxh5 57. Ke2 Kg6 58. Kf1 Kf7 59. Kg2 Ke8 60. Kf2
Nc5 61. Kf1 Kf7 62. Qh2 Nd7 63. Qh7+ Kf6 64. c5 Rxa7 65. Qh8+ Kf7 66. Qh7+ Ke8
67. Qh5+ Ke7 68. Qh7+ Ke8 69. Qh5+ Ke7 70. Qh7+ Ke8 71. Qh5+ {
Game drawn by repetition} 1/2-1/2